| 000 | 00874nam a2200217Ia 4500 | ||
|---|---|---|---|
| 003 | GCL | ||
| 008 | 140319s9999 xx 000 0 ara d | ||
| 040 |
_aGCL / _cGCL |
||
| 082 | 0 | 4 |
_a341.482 _bم ا |
| 100 | 1 | _aمحمد الروبى | |
| 245 | 1 | 0 |
_aاحكام الجنسية ومركز الاجانب وفقا لاحكام القانون رقم 154لسنة 2004 المعدل للقانون رقم 26 لسنة 1975 بشان الجنسية المصرية / _cمحمد الروبى |
| 700 | 1 | _aجابر سالم عبدالغفار | |
| 260 |
_aالقاهرة : _bدار النهضة العربية |
||
| 300 |
_a487 ص ؛ _c24 سم |
||
| 650 | 0 | 4 | _aالجنسية |
| 650 | 0 | 4 | _aالسكان الاجانب |
| 650 | 0 | 4 | _aالقانون الدولى الخاص |
| 650 | 0 | 4 | _aالمواطنة |
| 650 | 0 | 4 | _aالجنسية - قوانين وتشريعات |
| 942 |
_2ddc _cBK |
||
| 999 |
_c8614 _d8614 |
||